Vista normal Vista MARC

Entrada Materia (personas)

Número de registros utilizados en: 1

001 - CONTROL NUMBER

  • control field: 149458

003 - CONTROL NUMBER IDENTIFIER

  • control field: Co-BoUCM

005 - DATE AND TIME OF LATEST TRANSACTION

  • control field: 20211025104352.0

008 - FIXED-LENGTH DATA ELEMENTS

  • fixed length control field: 211025|| aca||aabn | a|a d

040 ## - CATALOGING SOURCE

  • Original cataloging agency: Co-BoUCM
  • Transcribing agency: Co-BoUCM

100 ## - HEADING--PERSONAL NAME

  • Personal name: DELGADO, Jacinto María

670 ## - SOURCE DATA FOUND

  • Source citation: Work cat.: (Co-BoUCM)85686: Benengeli, Cide-Hamete 149457, Adiciones a la historia del Ingenioso Hidalgo Don Quijote de la Mancha en que se prosiguen los sucesos ocurridos su escudero el famoso Sancho Panza, 1905